Financial accounting for management (Record no. 3094)

MARC details
000 -LEADER
fixed length control field 00444 a2200169 4500
000 - LEADER
fixed length control field BKB
001 - CONTROL NUMBER
control field 069550
005 - DATE AND TIME OF LATEST TRANSACTION
control field 20200902150317.0
008 - FIXED-LENGTH DATA ELEMENTS--GENERAL INFORMATION
fixed length control field
082 ## - DEWEY DECIMAL CLASSIFICATION NUMBER
Classification number 658.1511
Item number G95F
100 1# - MAIN ENTRY--PERSONAL NAME
Personal name Gupta, Ambrish
245 1# - TITLE STATEMENT
Title Financial accounting for management
Statement of responsibility, etc by Ambrish Gupta
250 ## - EDITION STATEMENT
Edition statement 3rd ed.
260 ## - PUBLICATION, DISTRIBUTION, ETC. (IMPRINT)
Place of publication, distribution, etc New Delhi
Name of publisher, distributor, etc Pearson
Date of publication, distribution, etc 2010
300 ## - PHYSICAL DESCRIPTION
Extent 986p.
690 ## - LOCAL SUBJECT ADDED ENTRY--TOPICAL TERM (OCLC, RLIN)
Topical term or geographic name as entry element Managerial accounting
Holdings
Withdrawn status Lost status Damaged status Not for loan Home library Current library Date acquired Cost, normal purchase price Total Checkouts Full call number Barcode Date last seen Price effective from Koha item type
        Central University Of Rajasthan Central University Of Rajasthan 07/03/2012 415.00   658.1511 G95F 3837 21/11/2024 02/09/2020 Books